Vrai ou faux (la nature) - Statistiques

Statistiques générales
  • Ce quiz a été pris 163 fois
  • Le résultat moyen est 8 sur 9
Statistiques - réponses
Question Réponse % Correct
Tout les arbres sont planter par les humains. Faux
99%
La nature est artificielle. Faux
99%
Les plantes sont vivantes. Vrai
98%
Les océan ne sont pas naturel. Faux
93%
La terre est naturelle. Vrai
92%
Les animaux vivent dans la nature. Vrai
91%
La météo n'est pas naturelle. Faux
90%
La terre est la seule planète naturelle. Faux
78%
Les plantes transforme l'O² en CO² la nuit Vrai
44%
Aucun quiz correspondant
Distribution des résultats
% des personnes avec chaque résultat
Percentile par nombre de réponses
Votre historique - résultats
Vous n’avez pas pris ce quiz